000 00661nam a2200253Ia 4500
003 OSt
005 20221005051810.0
006 a|||||r|||| 00| 0
007 ta
008 221004b |||||||| |||| 00| 0 eng d
020 _a0 521 25807 3
024 _a41104
037 _cTextual
040 _aCRL
_cCRL
_beng
041 _2eng
_aeng
082 _aO111,1J52:g, M4
100 _aHume Anthea
245 0 _aEdmund Spencer
_b Protestant poet
260 _aLondon
_bCambridge UK
_c1984
300 _avi, 202p
_ccm.
650 _aENGLISH LITERATURE
942 _hO111,1J52:g, M4
_cTEXL
_2cc
999 _c959387
_d959387